02630nam a2200337 i 4500001001000000003000900010005001700019007000300036008004100039020001800080040003000098082002700128110001000155245015300165264006000318300002700378336002700405337003300432338002800465490004200493505128300535590002801818650001001846650001001856910000701866942001401873952012601887952013102013952013102144999001702275000046285DO-SdBNP20230511135053.0ta110303s2022 dr 000 0 spa d a9789945250152 aDO-SdBNPbspacBNPHUerda a338.457291bT685c 222 98333510aCrecimiento económico y transformaciones sociales :besclavos, hacendados y comerciantes en la Cuba colonial : 1760-1840 /cPablo Tornero Tinajero aSanto Domingo :bArchivo General de la Nación,c2022. a516 paginas. ;c24 cm. 2rdacontentatextobtxt 2rdamediaasin mediaciónbn 2rdacarrieravolumenbnc aArchivo General de la Nación ;v439 aPalabras para la presente edición / Roberto Cassá, 9.-- Introducción, 15.-- Capítulo I. La provisión de mano de obra esclava. Estado español y oligarquía criolla, 31.-- El apoyo político al desarrollo de la trata en Cuba, 34.-- La organización del tráfico negrero, 49.-- España y Cuba ante el problema de la abolición de la trata. Contradicciones y repercusiones en la oligarquía cubana, 108.-- Capítulo II. Caracteres demográficos de la esclavitud en Cuba, 153.-- Esclavitud y población en la isla de Cuba. Proporcionalidad y evolución general, 153.-- Demografía esclavista y producción, 160.-- Esclavitud y agricultura mixta, 178.-- Capítulo III. La producción azucarera cubana, 191.-- Los factores del cambio económico, 192.-- El despegue productor, 215.-- Producción. Mejora de las infraestructuras y renovación científica y técnica en el azúcar cubano, 237.-- Capítulo IV. El sistema económico azucarero. Factores de producción, 261.-- La tierra, 262.-- El trabajo, 277.-- El capital, 333.-- Capítulo V. El comercio exterior, 385.-- Planteamiento y estado de la cuestión, 385.-- El comercio en la economía de Cuba, 392.-- La estructura del comercio de Cuba, 398.-- Las condiciones del intercambio, 452.
 ainventariado, 2023 / DG 961716 983348 aDG 2ddccLBS1 00102ddc51708PDaBNPHUbBNPHUcCTd2023-05-11l0oBNPHU PD 338.457291 T685c p2023-1763r2023-05-11w2023-05-11yLBS1 00102ddc51708PDaBNPHUbBNPHUcCTd2023-05-11l0oBNPHU PD 338.457291 T685c p2023-1764r2023-05-11te.2w2023-05-11yLBS1 00102ddc56708DSaBNPHUbBNPHUcCTd2023-05-11l0oBNPHU DS 338.457291 T685c p2023-1765r2023-05-11te.3w2023-05-11yLBS1 c53492d53492